Statistics for South Korea Country Quiz

Click here to take the quiz!

General Stats

  • This quiz has been taken 26,756 times
    (9,134 since last reset)
  • The average score is 13 of 20

Answer Stats

Hint Answer % Correct
Capital citySeoul
100%
Rap video by Psy about a wealthy
district of the capital
{Gangnam} Style
89%
Most common family namesKim
87%
Largest corporationSamsung
83%
Strip of land between South Korea
and North Korea
{Demilitarized}
Zone
77%
Korean martial art and Olympic sportTaekwondo
77%
Sea to the eastSea of Japan /
East Sea
72%
Most popular spectator sportBaseball
72%
As of 2017, South Korea ranks #1
in the world for the speed of its ...
Internet
72%
Largest auto-makersHyundai
70%
Korean fermented cabbageKimchi
69%
Second most populous urban areaBusan
65%
Largest auto-makersKia
61%
Most common family namesPark
53%
Most common family namesLee
51%
Currency of South KoreaWon
50%
Sea to the westYellow Sea
46%
Largest islandJeju
35%
Self-proclaimed religious messiah
who died in 2012
Sun Myung {Moon}
32%
Korean dish whose name
means "mixed rice"
Bibimbap
28%

Score Distribution

Percentile by Number Answered

Percent of People with Each Score

Your Score History

You have not taken this quiz since the last reset